| 000 | 00531nam a2200169 i 4500 | ||
|---|---|---|---|
| 001 | 141729 | ||
| 003 | ES-MaACL | ||
| 005 | 20230906200344.0 | ||
| 007 | t| | ||
| 008 | 070927s1934 it ||||1| ita d | ||
| 100 | 1 |
_aVinci, Felice. _9115317 |
|
| 245 | 1 | 0 |
_aManuale di statistica _b: introduzione allo studio quantitativo dei fatti sociali / _cFelice Vinci. |
| 260 |
_aBologna : _bZanichelli, _c1934 ( _fStab. Poligrafici Ruimiti) |
||
| 300 |
_a2 v. ; _c25 cm. |
||
| 650 | 1 | 4 |
_aEstadÃstica. _912520 |
| 852 |
_aES-MaACL _jA-2463-64 |
||
| 999 |
_c141729 _d141729 |
||